Southville International School and Colleges
Your cart is empty.
  • Cart
  • Lists
    Public lists Eva Luna New books Lux_list list_1
    Your lists Log in to create your own lists
  • Log in to your account
  • Your cookies
  • Search history
Southville International School and Colleges
  • Advanced search
  • Recent comments
  • Most popular
  • Libraries

Log in to your account

Log in with GOOGLE


If you do not have an external account, but do have a local account, you can still log in:

  1. Home
  2. MARC view: Philippine literature : a history and anthology /
Normal view MARC view ISBD view

Philippine literature : a history and anthology / (Record no. 292208)

[ view plain ]
MARC details
000 -LEADER
fixed length control field 00769nam a2200241Ia 4500
008 - FIXED-LENGTH DATA ELEMENTS--GENERAL INFORMATION
fixed length control field 160319s9999 xx 000 0 und d
020 ## - INTERNATIONAL STANDARD BOOK NUMBER
International Standard Book Number 9712715817 (bp)
050 ## - LIBRARY OF CONGRESS CALL NUMBER
Classification number 899.21
050 ## - LIBRARY OF CONGRESS CALL NUMBER
Item number L957p 2005
100 ## - MAIN ENTRY--PERSONAL NAME
Personal name Lumbera Bienvenido
245 ## - TITLE STATEMENT
Title Philippine literature : a history and anthology /
245 ## - TITLE STATEMENT
Statement of responsibility, etc [edited by] Bienvenido Lumbera and Cynthia Nograles Lumbera.
250 ## - EDITION STATEMENT
Edition statement English edition.
260 ## - PUBLICATION, DISTRIBUTION, ETC. (IMPRINT)
Place of publication, distribution, etc Manila :
260 ## - PUBLICATION, DISTRIBUTION, ETC. (IMPRINT)
Name of publisher, distributor, etc Anvil Pub. Inc.
260 ## - PUBLICATION, DISTRIBUTION, ETC. (IMPRINT)
Date of publication, distribution, etc 2005
300 ## - PHYSICAL DESCRIPTION
Extent 456 pages :
650 ## - SUBJECT ADDED ENTRY--TOPICAL TERM
Topical term or geographic name as entry element Philippine literature -- History and criticism
650 ## - SUBJECT ADDED ENTRY--TOPICAL TERM
Topical term or geographic name as entry element Philippine literature -- Translations into English
650 ## - SUBJECT ADDED ENTRY--TOPICAL TERM
Topical term or geographic name as entry element Philippine literature (English)
700 ## - ADDED ENTRY--PERSONAL NAME
Personal name Lumbera, Bienvenido.
700 ## - ADDED ENTRY--PERSONAL NAME
Personal name Lumbera, Cynthia Nograles.
Holdings
Withdrawn status Lost status Damaged status Home library Current library Shelving location Date acquired Total Checkouts Full call number Barcode Date last seen Price effective from Koha item type
      Stonyhurst Southville International School (Batangas) Stonyhurst Southville International School (Batangas) Filipiniana Section 03/19/2016   Fil 899.21 L957p 2005 US 0319 03/19/2016 03/19/2016 Books

Philippine literature : a history and anthology /

APA

Lumbera Bienvenido, Lumbera B. & Lumbera C. N.Philippine literature : a history and anthology. Manila: .

Chicago

Lumbera Bienvenido, Lumbera Bienvenido and Lumbera Cynthia Nograles.Philippine literature : a history and anthology. Manila: .

Harvard

Lumbera Bienvenido, Lumbera B. and Lumbera C. N.Philippine literature : a history and anthology. Manila: .

MLA

Lumbera Bienvenido, Lumbera Bienvenido and Lumbera Cynthia Nograles.Manila: . .

  • Place hold
  • Print
  • Cite
  • Add to your cart (remove)
  • Save record
    BIBTEX Dublin Core MARCXML MARC (non-Unicode/MARC-8) MARC (Unicode/UTF-8) MARC (Unicode/UTF-8, Standard) MODS (XML) RIS
  • More searches
    Search for this title in:
    Other Libraries (WorldCat) Other Databases (Google Scholar) Online Stores (Bookfinder.com) Open Library (openlibrary.org)

Exporting to Dublin Core...

SOUTHVILLE LIBRARY

Southville International School and Colleges Library

1281 Tropical Ave. Cor. Luxembourg St., BF Homes International, Las Pinas City

Tel. No. 8256374 / 252358 Loc. 117/146

Powered by Koha